| 000 | 00838nam a22002417a 4500 | ||
|---|---|---|---|
| 999 |
_c1924 _d1924 |
||
| 003 | AR-CdUCM | ||
| 008 | 190228b ||||| |||| 00| 0 spa d | ||
| 040 |
_aMUNICIPALIDAD PROVINCIAL DEL CUSCO _cBIBLIOTECA MUNICIPAL DEL CUSCO |
||
| 082 |
_a869.508 / _bM64 |
||
| 100 |
_aMiró, César _92173 |
||
| 245 | _aEl tiempo de la tarántula / | ||
| 260 |
_aLima : _bEds. Peisa, _c1973. |
||
| 300 |
_a202 páginas ; _c18 cm. |
||
| 440 |
_aColección Autores Peruanos. _9864 |
||
| 505 | _aSobre el autor y la Novela - Tenía catorce años cuando lo visitó la tarántula - En la habitación abigarrada - El creador propone. | ||
| 650 |
_aNovela. _95 |
||
| 650 |
_aLibros peruanos. _94203 |
||
| 650 |
_aEscritor peruano. _97034 |
||
| 650 |
_aPolígrafo. _97035 |
||
| 650 |
_aProtesta. _92120 |
||
| 942 |
_2ddc _cLIBROS |
||
| 945 |
_admma _d2019-02-28 |
||